| 000 | 00447nam a2200169Ia 4500 | ||
|---|---|---|---|
| 008 | 230524s9999 xx 000 0 und d | ||
| 020 | _a9788190694216 | ||
| 082 |
_aTK6575 _bRAJ |
||
| 100 | _aG.S.N. Raju | ||
| 245 | 0 | _aRadar Engineering and Fundamentals of Navigational Aids | |
| 250 | _a1 | ||
| 260 |
_aNew Delhi _bI.K.International _c2013 |
||
| 300 | _a"XXIV,443p;" | ||
| 500 | _aQuantity Number: 1 | ||
| 650 | _aElectronics | ||
| 942 | _cBK | ||
| 999 |
_c57943 _d57943 |
||